Innovations and Quality; Innovations and Marketing

Salvato in:
Dettagli Bibliografici
Autore principale: Prividi, Dagmar
Natura: Capitolo di libro
Lingua:inglese
Tags: Aggiungi Tag
Nessun Tag, puoi essere il primo ad aggiungerne!!

MARC

LEADER 00000naa$a2200000$$$4500
001 0165899
005 20230602093433.9
041 0 |a eng 
044 |a HU 
245 1 0 |a Innovations and Quality; Innovations and Marketing  |c Dagmar Prividi 
100 1 |a Prividi, Dagmar